书目信息 |
| 题名: |
烟气脱硫脱硝技术手册
|
|
| 作者: | 蒋文举 主编 | |
| 分册: | ||
| 出版信息: | 北京 化学工业出版社 2007 |
|
| 页数: | 608页 | |
| 开本: | 26cm | |
| 丛书名: | ||
| 单 册: | ||
| 中图分类: | X701.3-62 | |
| 科图分类: | ||
| 主题词: | 烟气脱硫--技术手册 , 烟气脱硫 | |
| 电子资源: | ||
| ISBN: | 978-7-5025-9678-1 | |
| 000 | 00906nam0 2200241 450 | |
| 001 | 012007076592 | |
| 005 | 20070522164327.17 | |
| 010 | @a978-7-5025-9678-1@dCNY98.00 | |
| 100 | @a20070515d2007 km y0chiy0120 ea | |
| 101 | 0 | @achi |
| 102 | @aCN@b110000 | |
| 105 | @ay z 000yy | |
| 106 | @ar | |
| 200 | 1 | @a烟气脱硫脱硝技术手册@Ayan qi tuo liu tuo xiao ji shu shou ce@f蒋文举主编@Fjiang wen ju zhu bian |
| 210 | @a北京@c化学工业出版社@d2007 | |
| 215 | @a608页@d26cm | |
| 330 | @a本书围绕烟气脱硫脱硝这一主题,在简要阐述我国二氧化硫和氮氧化物控制战略与控制技术的基础上,着重介绍了烟气脱硫脱硝技术理论基础、湿法、半干法和干法烟气脱硫技术与设备、烟气脱硝几及烟气同时脱硫脱硝技术与设备以及烟气脱硫脱硝工程建设管理。 | |
| 606 | 0 | @a烟气脱硫@j技术手册 |
| 606 | 0 | @a烟气脱硫 |
| 690 | @aX701.3-62@v4 | |
| 701 | 0 | @a蒋文举@Ajiang wen ju@4主编 |
| 801 | 0 | @aCN@bRULIN@c20070522 |
| 905 | @dX701.3-62@e81@s8 | |
| 烟气脱硫脱硝技术手册/蒋文举主编.-北京:化学工业出版社,2007 |
| 608页;26cm |
| ISBN 978-7-5025-9678-1:CNY98.00 |
| 本书围绕烟气脱硫脱硝这一主题,在简要阐述我国二氧化硫和氮氧化物控制战略与控制技术的基础上,着重介绍了烟气脱硫脱硝技术理论基础、湿法、半干法和干法烟气脱硫技术与设备、烟气脱硝几及烟气同时脱硫脱硝技术与设备以及烟气脱硫脱硝工程建设管理。 |
| ● |
| 相关链接 |
|
|
|
|
正题名:烟气脱硫脱硝技术手册
索取号:X701.3-62/81
 
预约/预借
| 序号 | 登录号 | 条形码 | 馆藏地/架位号 | 状态 | 备注 |
| 1 | 0579031 | 205790312 | 第二样本阅览室/ [索取号:X701.3-62/81] | 在馆 | |
| 2 | 0579032 | 205790321 | 第三借阅区/ [索取号:X701.3-62/81] | 在馆 | |
| 3 | 0579033 | 205790330 | 第三借阅区/ [索取号:X701.3-62/81] | 在馆 | |
| 4 | 0579034 | 205790349 | 第三借阅区/ [索取号:X701.3-62/81] | 在馆 | |
| 5 | 0579035 | 205790358 | 第三借阅区/ [索取号:X701.3-62/81] | 在馆 | |
| 6 | 0579036 | 205790367 | 第三借阅区/ [索取号:X701.3-62/81] | 在馆 | |
| 7 | 0579037 | 205790376 | 第三借阅区/ [索取号:X701.3-62/81] | 在馆 | |
| 8 | 0579038 | 205790385 | 第三借阅区/ [索取号:X701.3-62/81] | 在馆 |